BIBLIOTECA PODER JUDICIAL
Portal Judicial TDF

Es necesario modificar el Código Penal / (Registro nro. 5618)

000 -LEADER
fixed length control field 01225nab a22002897a 4500
003 - CONTROL NUMBER IDENTIFIER
control field OSt
005 - DATE AND TIME OF LATEST TRANSACTION
control field 20251222125328.0
008 - FIXED-LENGTH DATA ELEMENTS--GENERAL INFORMATION
fixed length control field 190429b xxu||||| |||| 00| 0 spa d
040 ## - CATALOGING SOURCE
Transcribing agency PJ
100 ## - MAIN ENTRY--PERSONAL NAME
9 (RLIN) 5768
Personal name Tazza, Alejandro
245 10 - TITLE STATEMENT
Title Es necesario modificar el Código Penal /
Statement of responsibility, etc Alejandro Tazza.
260 ## - PUBLICATION, DISTRIBUTION, ETC. (IMPRINT)
Date of publication, distribution, etc Ciudad Autónoma de Buenos Aires :
Place of publication, distribution, etc Thomson Reuters La Ley,
Name of publisher, distributor, etc 2025.
300 ## - PHYSICAL DESCRIPTION
Extent p. 40-50
500 ## - GENERAL NOTE
General note Cita: TR LALEY AR/DOC/1907/2025.
505 ## - FORMATTED CONTENTS NOTE
Formatted contents note Sumario: I. Introducción.— II. Desarrollo.— III. Conclusión.
505 ## - FORMATTED CONTENTS NOTE
Title Si te interesa el texto completo, solicitalo a koha@justierradelfuego.gov.ar
650 #0 - SUBJECT ADDED ENTRY--TOPICAL TERM
9 (RLIN) 343
Topical term or geographic name as entry element DERECHO PENAL
650 #0 - SUBJECT ADDED ENTRY--TOPICAL TERM
9 (RLIN) 2478
Topical term or geographic name as entry element CODIGO PENAL
650 #0 - SUBJECT ADDED ENTRY--TOPICAL TERM
9 (RLIN) 2817
Topical term or geographic name as entry element DELITOS CONTRA LA ADMINISTRACIÓN PÚBLICA
650 #0 - SUBJECT ADDED ENTRY--TOPICAL TERM
9 (RLIN) 3281
Topical term or geographic name as entry element DELITOS CONTRA LA SALUD PÚBLICA
650 #0 - SUBJECT ADDED ENTRY--TOPICAL TERM
9 (RLIN) 2685
Topical term or geographic name as entry element DELITOS CONTRA LA LIBERTAD
650 #0 - SUBJECT ADDED ENTRY--TOPICAL TERM
9 (RLIN) 2902
Topical term or geographic name as entry element DELITOS CONTRA LA INTEGRIDAD SEXUAL
650 #0 - SUBJECT ADDED ENTRY--TOPICAL TERM
9 (RLIN) 344
Topical term or geographic name as entry element DELITOS CONTRA LA PROPIEDAD
650 #0 - SUBJECT ADDED ENTRY--TOPICAL TERM
9 (RLIN) 2687
Topical term or geographic name as entry element DELITOS CONTRA LA SEGURIDAD DE LA NACIÓN
773 0# - HOST ITEM ENTRY
Host Biblionumber 2658
Host Itemnumber 3164
Title Revista de derecho penal y criminología. Nº 8 - Septiembre 2025
Place, publisher, and date of publication Ciudad Autónoma de Buenos Aires : Thomson Reuters La Ley, 2017-
International Standard Serial Number 00347914
942 ## - ADDED ENTRY ELEMENTS (KOHA)
Source of classification or shelving scheme
Koha item type Analítica Artículo de Revista

No hay ítems disponibles.

12 de Octubre 789 Ushuaia - Tel:  54(02901)441571
Horario de Atención: 8.00 a 17.00 hs. 
bibliotecaush@justierradelfuego.gov.ar
koha@justierradelfuego.gov.ar
Seguinos en nuestras redes @bibliojustdf 

Con tecnología Koha